000 00709nam a2200217 i 4500
001 76254
003 ES-MaACL
005 20230906172754.0
007 t|
008 040930s1929 ne ||||1| ger d
245 0 0 _aNie wieden krieg!
_b: = No more war! = Plus jamais de guerre! = Nunca jamás guerra! = Novit meer oorlog! = Aldrig mere krig!.
260 _aAmsterdam :
_bFederación Sindical Internacional,
_c1929.
300 _a64 p. ;
_c23 cm.
710 2 _aFederación Sindical Internacional.
_94118
740 0 _aNo more war!
740 0 _aPlus jamais de guerre!
740 0 _aNunca jamás guerra!
740 0 _aNovit meer oorlog!
740 0 _aAldrig mere krig!
852 _aES-MaACL
_j1740-F-14
999 _c76254
_d76254